Old Navy Blue- Lewis Capaldi Lyrics - Statistics

General Stats
  • This quiz has been taken 16 times
  • The average score is 167 of 225
Answer Stats
Answer % Correct
I
100%
it
100%
a
89%
all
89%
and
89%
be
89%
Don't
89%
don't
89%
feel
89%
from
89%
go
89%
good
89%
here
89%
it's
89%
just
89%
know
89%
love
89%
my
89%
No
89%
of
89%
on
89%
so
89%
the
89%
their
89%
they
89%
to
89%
we
89%
who
89%
with
89%
around
78%
behind
78%
bigger
78%
boys
78%
But
78%
but
78%
down
78%
feels
78%
for
78%
found
78%
girls
78%
i'm
78%
memories
78%
moved
78%
not
78%
ones
78%
playgrounds
78%
small
78%
teeth
78%
things
78%
throw
78%
used
78%
weight
78%
Who've
78%
world
78%
animosity
67%
at
67%
bars
67%
become
67%
Blue
67%
breed
67%
broken
67%
Cast
67%
Cause
67%
Cut
67%
friend
67%
friends
67%
gone
67%
hearts
67%
how
67%
i'll
67%
I've
67%
knew
67%
Man
67%
mind
67%
Navy
67%
now
67%
Old
67%
out
67%
revolve
67%
sad
67%
settle
67%
sometimes
67%
that
67%
That
67%
there's
67%
this
67%
though
67%
time
67%
watch
67%
Well
67%
When
67%
you
67%
your
67%
you're
67%
again
56%
always
56%
end
56%
faded
56%
family
56%
goodbye
56%
got
56%
left
56%
matter
56%
meet
56%
mine
56%
Once
56%
people
56%
said
56%
side
56%
spins
56%
stay
56%
still
56%
they've
56%
true
56%
Until
56%
upon
56%
view
56%
you'll
56%
after
44%
Ain't
44%
beds
44%
miss
44%
sick
44%
today
44%
preturbed
11%
No matching quizzes found
Score Distribution
Percent of People with Each Score
Percentile by Number Answered
Your Score History
You have not taken this quiz